000 00841cam a22002773a 4500
001 26330
003 PGUSA
005 20140828083552.0
008 080816s2008||||xxu|||||s|||||000 | eng d
040 _aPGUSA
_beng
042 _adc
050 4 _aHG
100 1 _aLawson, Thomas William,
_d1857-1925
245 1 0 _aFrenzied Finance, Vol. 1 :
_bThe Crime of Amalgamated
_h[electronic resource] /
_cThomas William Lawson
260 _bProject Gutenberg,
_c2008
506 _aPublic domain in the USA.
516 _aElectronic text
653 _aStandard Oil Company
653 _aAmalgamated Copper Co.
653 _aGas companies -- Massachusetts -- Boston
653 _aSpeculation
653 _aInsurance -- United States
830 0 _aProject Gutenberg
_v26330
856 4 0 _uhttp://www.gutenberg.org/ebooks/26330
942 _cEB
999 _c255585
_d255585